| 000 | 00940nas a2200313 4500 | ||
|---|---|---|---|
| 001 | BR0700256 | ||
| 003 | BR-BrBNA | ||
| 005 | 20231205110504.0 | ||
| 007 | ta | ||
| 008 | 230509b bl.|||p| |||| 00| 00por d | ||
| 040 |
_aBR-BrBNA _bpor _cBiblioteca Nacional de Agricultura |
||
| 041 | _a(Pt) | ||
| 072 | _aP10; U10 | ||
| 100 | 1 | _aBatista, T.M. | |
| 100 | 1 | _aAndrade, E.M. de | |
| 100 | 1 | _aCrisóstomo, L.A. | |
| 100 | 1 | _aMeireles, M. | |
| 100 | 1 | _aRodrigues, J.O. | |
| 245 | 1 | _aModelagem da estrutura iônica das águas da bacia hidrográfica do Acaraú, Ceará | |
| 650 | _aBACIA HIDROGRÁFICA | ||
| 650 | _aÁGUA DE IRRIGAÇÃO | ||
| 650 | _aREGRESSÃO LINEAR | ||
| 650 | _aION | ||
| 650 | _aCONDUTIVIDADE ELÉTRICA | ||
| 650 | _aLIMNOLOGIA | ||
| 773 | 0 |
_tRevista Ciência Agronômica (Brazil) _xISSN 0045-6888 _g(2006), v. 37(1) p. 1-6 _wBR0700256 |
|
| 909 |
_a202311 _bLúcia _c55 _dLúcia Elande |
||
| 942 |
_2AGRIS _n0 _cANA |
||
| 999 |
_c187602 _d187602 |
||